Poesía unánime (Record no. 104511)

MARC details
000 -LEADER
campo de control de longitud fija 00699nam a2200193 i 4500
001 - NÚMERO DE CONTROL
campo de control 104511
003 - IDENTIFICADOR DE NÚMERO DE CONTROL
campo de control ES-MaACL
005 - FECHA Y HORA DE LA ÚLTIMA TRANSACCIÓN
campo de control 20230906183625.0
007 - CAMPO FIJO DE DESCRIPCIÓN FÍSICA--INFORMACIÓN GENERAL
campo de control de longitud fija t|
008 - DATOS DE LONGITUD FIJA--INFORMACIÓN GENERAL
campo de control de longitud fija 051130s1967 sp ||||1| spa d
100 1# - ENTRADA PRINCIPAL--NOMBRE DE PERSONA
Nombre de persona Millares Sall, Agustín.
9 (RLIN) 81181
245 10 - MENCIÓN DEL TÍTULO
Título Poesía unánime
Resto del título : 1944-1966 /
Mención de responsabilidad, etc. Agustín Millares Sall; antología realizada por Manuel González Barrera; con un prólogo de Isidro Miranda.
260 ## - PUBLICACIÓN, DISTRIBUCIÓN, ETC.
Lugar de publicación, distribución, etc. Las Palmas :
Nombre del editor, distribuidor, etc. [s.n.],
Fecha de publicación, distribución, etc. 1967 (
Fabricante Imp. Lezcano)
300 ## - DESCRIPCIÓN FÍSICA
Extensión 4 h., VII, 124 p., 4 h. de lám. ;
Dimensiones 20 cm.
500 ## - NOTA GENERAL
Nota general Una lám. es ret. aut.
700 1# - ENTRADA AGREGADA--NOMBRE PERSONAL
Nombre de persona González Barrera, Manuel.
9 (RLIN) 58447
700 1# - ENTRADA AGREGADA--NOMBRE PERSONAL
Nombre de persona Miranda, Isidro.
9 (RLIN) 81521
852 ## - LOCALIZACIÓN
Ubicación ES-MaACL
Número de control de estantería C-31652
Sublocalización o colección R.62202
Holdings
Estatus retirado Estado de pérdida Estado de daño No para préstamo Biblioteca de origen Biblioteca actual Ubicación en estantería Fecha de adquisición Fuente de adquisición Total de préstamos Signatura topográfica completa Código de barras Visto por última vez Precio de reemplazo Tipo de ítem Koha
        Biblioteca del Ateneo de Madrid Biblioteca del Ateneo de Madrid Depósito 2 17/01/2008     C-31652 1109116 23/02/2023 23/02/2023 Libro impreso